[Event "ISR-chT"]
[Site "Israel"]
[Date "2003.05.09"]
[Round "10"]
[White "Golod, Vitali"]
[Black "Birnboim, Nathan"]
[Result "1-0"]
[WhiteElo "2538"]
[BlackElo "2371"]
[Annotator "Golod,V"]
[PlyCount "53"]
[EventDate "2003.01.??"]
[EventType "team"]
[EventRounds "11"]
[EventCountry "ISR"]
[SourceTitle "CBM 095"]
[Source "ChessBase"]
[SourceDate "2003.07.25"]
[SourceVersion "1"]
[SourceVersionDate "2003.07.25"]
[SourceQuality "1"]

1. d4 Nf6 2. c4 e6 3. Nc3 Bb4 4. Qc2 O-O 5. a3 Bxc3+ 6. Qxc3 d5 {Novelty,from
the point of view of my games.} 7. Nf3 $5 ({I did not want to do the most
logical move in this position:} 7. Bg5 $5 {,as I was afraid,that my contender
will be ready to this variant}) ({Also repeatedly were checked up in previous
games:} 7. e3) 7... Ne4 $5 {Besides Black has three alternatives: 7...Nbd7; 7..
.dxc4!? and 7...b6.} 8. Qc2 b6 {Also were checked up in previous games: 8...
c5!?; 8...Nd7; 8...c6!? and 8...a5.} 9. e3 {[%cal Gf1d3] I rather long chose
between it and two other continuations:} (9. g3 {[%cal Gf1g2]}) ({and} 9. Bf4 {
[%cal Ge2e3]}) 9... Ba6 $6 $146 ({Were checked in the preceding games:} 9...
Bb7 10. b4 (10. Bd3 $5) 10... c5 11. Bb2 Nd7 12. dxc5 bxc5 13. Be2 {+/=/=
Lazarev,V-Olivier,J/FRA,1999(1/2-1/2)(24)}) ({and} 9... c5 10. Bd3 Bb7 11. O-O
Nd7 12. b3 Rc8 13. Bb2 {+/=/= Navarovszky,L-Haag,E/Budapest,1965(1/2-1/2)(25)})
10. Bd3 {/^b1-h7 Differently Black quietly will finish development and will
receive convenient game.} Nd7 11. b3 $14 {[%csl Yb3,Re4][%cal Yb3c4,Gd3e4]}
Ndf6 {The rather risky decision. Can Nathan,already now,has found his 15-th
move.} (11... f5 12. O-O $14) (11... Nef6 12. Bb2 $14) 12. Ne5 $140 {[%cal
Gf2f3]} c5 ({After:} 12... Nd6 13. O-O {/\Bb2 Black remain without a
counterplay.}) 13. f3 dxc4 $5 {My contender "tries to tempt me" with the help
of this sacrifice of a knight.} ({After:} 13... Nd6 14. dxc5 dxc4 {I need to
make a choice between two alternatives:} 15. bxc4 ({or} 15. Nxc4 $5) 15... Nb7
$1 {and see the game 15...Nb7.}) 14. bxc4 $1 {I did not want to accept a
sacrifice of a piece,as it leads to more difficult game:} (14. Bxe4 cxb3 15.
Qb1 (15. Qxb3 $2 Nxe4 16. fxe4 Qh4+ $36 {[%csl Re1,Re4]}) 15... Nxe4 16. Qxe4
cxd4 (16... f6 $143 17. Ng4 $140 Qd5 $14) (16... Rc8 $5) 17. exd4 Rc8 $44 {
[%csl Gb3,Re1]}) 14... Nd6 $8 15. dxc5 Nb7 $1 {I at all did not expect this
move,and hoped only on:} (15... bxc5 16. Bb2 {[%cal Gb2g7,Yd3h7,Gg2g4,Gg4g5]
with big advantage of White.}) 16. c6 $1 {In my opinion,it's best decision!} ({
After:} 16. cxb6 $5 axb6 17. Bb2 Nc5 18. Be2 Qc7 {Black don't have sufficient
compensation for pawn.}) 16... Nc5 $140 17. Be2 Qc7 18. Bb2 Ne8 {[%csl Rc6,Ye5]
[%cal Gf7f6] Black strengthen the position of the knight and,at case,prepare
progress "f6".} 19. Rd1 Nd6 {Black's plan is: Rfd8 and f6.} 20. Nd7 $1 {
I made this move in the most suitable moment.} Nxd7 ({Very weakly:} 20... Rfd8
{in view of:} 21. Nxc5 bxc5 $140 22. Qa4 $16 {[%csl Ra6]}) 21. cxd7 Nxc4 ({
The translation of second knight on "c5" is very bad:} 21... Nb7 $2 {(again
through field "b7"),because of:} 22. Qe4 $1 Rad8 (22... Nc5 $143 23. Be5 $1 Qd8
24. Qg4 f6 25. Bd6 {[%csl Re6]} Rf7 26. Bxc5 f5 27. Qf4 bxc5 28. Qd6 $18) 23.
Qe5 Qxe5 24. Bxe5 {[%cal Ge5c7]} Nc5 25. Bd6 {[%csl Rf8] +/-/+-}) 22. Bd3 $1 ({
After:} 22. Qc3 f6 23. a4 {[%csl Rc4][%cal Gd1c1]} Qc5 24. Bxc4 Qxc4 (24...
Bxc4 $2 25. Ba3 Qg5 26. Kf2 $1 $18 {[%csl Rc4,Gd7,Rf8]}) 25. Qxc4 Bxc4 26. Ba3
{[%csl Yd7,Rf8][%cal Ga3e7,Yd7d8]} Rfd8 27. Be7 Bb3 $1 {[%csl Ra4]} 28. Bxd8
Rxd8 {[%csl Ra4,Rd7]} 29. Rd4 e5 30. Rb4 Be6 {[%csl Rd7] Black gets a good
drawn chance in the endgame.}) 22... Qc5 $2 {Decisive mistake,Black at once
receive a hopeless position.} ({It was necessary:} 22... Rfd8 23. Bxh7+ $140
Kf8 $1 24. Bc3 $1 {[%cal Gc3b4]} (24. Be4 $5 Rab8 25. O-O (25. Qc3 $143 f6 {
[%csl Rd7][%cal Gd8d7]}) 25... Rxd7 26. Rxd7 Qxd7 27. Rd1 Qb5 28. Bc3 {[%csl
Rf8]} Nxe3 $140 (28... Nxa3 $2 29. Qa2 {[%csl Ra3,Ra6]} Qc5 30. Bd4 Qa5 31. Be5
$1 $18 {[%csl Ra3,Ra6][%cal Ge5d6]}) 29. Qd2 {[%csl Rb8,Rf8][%cal Gd2d6]} Nd5 (
29... Nc4 $2 30. Qf4 Rc8 31. Qh4 $18 {[%csl Rf8][%cal Gh4h8]}) 30. Bxd5 exd5 (
30... Qxd5 $2 31. Bxg7+ {[%csl Rd5][%cal Gd2c3]}) 31. Qg5 d4 $1 32. Qh4 {
[%csl Rb8,Rf8][%cal Gh4h8,Gh4d4]} Kg8 33. Bxd4 $14) 24... Rxd7 25. Bb4+ Ke8 26.
Rxd7 Qxd7 27. Qc3 Rd8 {[%cal Gd7d1]} 28. O-O $14) 23. Bd4 Qa5+ ({Also loses
right away:} 23... Qxa3 {because of:} 24. Bxh7+ (24. Bxc4 $2 Qb4+ {[%csl Rc4,
Re1]}) 24... Kh8 25. Bd3 $18 {[%csl Rc4,Rh8][%cal Gc2f2]}) 24. Kf2 Nxa3 25. Qb3
$1 {It at once wins a game.} ({Also good enough:} 25. Qa2 Bxd3 26. Rxd3 Nb5 27.
Qxa5 bxa5 28. Bc5 {[%csl Yd7,Rf8][%cal Gc5e7]}) (25. Bxh7+ $2 Kh8 26. Qb2 (26.
Qe4 $143 Qh5 {[%csl Rh7]}) 26... Kxh7 27. Ra1 $14) 25... Bxd3 $2 ({It was a
little better:} 25... Nb5 26. Be5 {[%cal Yb3b2,Gd1a1]} Rad8 27. Qb2 $1 {
[%csl Ra5,Ra6,Rb5,Rd2][%cal Gd1a1,Yb2d2]} Rxd7 28. Bxh7+ Kxh7 29. Rxd7 $18) 26.
Rxd3 Nb5 27. Be5 $1 $18 {[%csl Ra5,Rb5,Ye5][%cal Gh1a1,Ye5b8,Ye5a1] We have
won this match 4,5:1,5 (+3=3-0), and it has allowed my team to become the
"champion of the country", before one round up to the end!!!} (27. Be5 $1 {
After this move Black resigns,because of next variant:} Na3 28. Bc7 {[%csl Ra3]
[%cal Gd7d8]} (28. Bb2 $5 Nb5 $140 29. Ra1 {[%csl Ra5]})) 1-0

[Event "RUS-chT 05th"]
[Site "Maikop"]
[Date "1998.06.10"]
[Round "8"]
[White "Ivanov, Sergey"]
[Black "Kupreichik, Viktor D"]
[Result "1/2-1/2"]
[WhiteElo "2570"]
[BlackElo "2505"]
[Annotator "Golod,V"]
[PlyCount "101"]
[EventDate "1998.06.03"]
[EventType "team-tourn"]
[EventRounds "11"]
[EventCountry "RUS"]
[SourceTitle "CBM 066"]
[Source "ChessBase"]
[SourceDate "1998.09.30"]
[SourceVersion "1"]
[SourceVersionDate "1998.09.30"]
[SourceQuality "1"]
[WhiteTeam "Sankt Petersburg"]
[BlackTeam "Tomsk 400"]
[WhiteTeamCountry "RUS"]
[BlackTeamCountry "RUS"]

1. d4 Nf6 2. c4 e6 3. Nc3 Bb4 4. Qc2 d5 5. a3 (5. cxd5 $5) 5... Bxc3+ 6. Qxc3
Ne4 7. Qc2 c5 $5 (7... e5 $5) (7... Nc6 $5) (7... O-O $5) 8. dxc5 Nc6 9. cxd5
$6 (9. Nf3 $142) (9. e3 $6 Qa5+ 10. Bd2 Nxd2 11. Qxd2 dxc4 $10 12. Qxa5 Nxa5
13. Rc1 b5 $1 14. cxb6 Bb7 $1 15. Nf3 Ke7 16. Nd2 Rhc8 17. Be2 axb6 18. O-O b5
$15 {Dao Thien Hai-Loginov,V/Budapest/1994/}) 9... exd5 10. Nf3 Bf5 11. b4 O-O
12. Bb2 $5 (12. Qb2 $5 d4 13. e3 d3 14. Qb3 Qf6 $2 (14... a5 $5) 15. Bb2 d2+
16. Nxd2 Nxd2 17. Kxd2 Qh4 18. Ke1 Rfe8 19. Rd1 Rad8 20. Rxd8 Rxd8 21. Qc4 $18
{1-0 Baburin,A-Ward,C/Isle of Man op (02) 1996 (35)}) 12... Re8 (12... b6 $142
$5) (12... Ng3 $6 13. Qc3 d4 14. Nxd4 Nxd4 15. fxg3 $8 {[%csl Gf2][%cal Ge1f2]}
Ne6 (15... Nc2+ 16. Kf2 Qg5 17. h4 Qh6 18. g4 Be4 19. g5 Qg6 20. Rd1 $16 {
1-0 Euwe,M-Najdorf,M/Mar del Plata 1947 (37)}) 16. e3 Qd5 17. Rd1 Qe4 18. Kf2
$16 {O'Kelly de Galway,A-Porath,Y/Hilversum zt 1947/1-0 (67)}) 13. Rd1 (13. e3
$2 {Ftacnik} Ng3 $1 14. Qc3 d4 15. Nxd4 Nxd4 16. hxg3 Nc2+ 17. Ke2 Bg4+ 18. f3
Rxe3+ 19. Qxe3 Nxe3 $17) (13. Rg1 $5 {Ftacnik} b6 $132) 13... b6 14. e3 $142 (
14. cxb6 $2 {Ftacnik} Qxb6 15. e3 Nxb4 $1 16. axb4 Qxb4+ 17. Rd2 Ng3 18. Bc3
Qb6 $17) (14. b5 $2 {Ftacnik} bxc5 15. bxc6 Qa5+ 16. Rd2 Rab8 (16... Ng3 17.
Qc3 Qxc3 18. Bxc3 Nxh1 19. Rxd5 Be4 20. Rxc5 Rac8 $16) 17. Qc1 Nxd2 18. Nxd2
Qb6 $15) 14... bxc5 15. Bb5 (15. Bd3 $5 {Ftacnik} Rc8 16. Bxe4 Bxe4 17. Qc3 (
17. Qxc5 Ne5 18. Qxa7 Bxf3 19. gxf3 Nxf3+ 20. Ke2 Rc2+ 21. Kxf3 Qh4 $19) 17...
f6 18. bxc5 Bxf3 19. gxf3 Ne5 $13) 15... Qb6 $1 (15... Rc8 {Ftacnik} 16. O-O c4
(16... Ng3 $2 17. Qxc5 Nxf1 18. Bxc6 $18) 17. Qa4 $16) 16. Bxc6 Qxc6 17. Nd4
Qg6 18. Nxf5 (18. bxc5 $2 {Ftacnik} Qxg2 19. Rf1 Ng3 $19) 18... Qxf5 19. bxc5
Rac8 20. Bd4 $1 $146 (20. O-O {Ftacnik} Rxc5 21. Qa4 Rec8 (21... Re7 22. Qd4
Qg5 23. f3 Rc2 24. Qxg7+ Qxg7 25. Bxg7 Kxg7 26. fxe4 dxe4 $11) 22. Qxa7 Rc2 23.
Qd4 f6 $11 {1/2-1/2 Sakaev,K-Loginov,V/St.Petersburg-ch 1997 (31)}) 20... Qg6 {
[%csl Rc5,Rg2] /\Nc5} 21. O-O Nxc5 22. Qxg6 $6 (22. Qc3 $1 {Golod,V} Ne6 (22...
Ne4 $143 23. Qa5 Rc2 24. Qxd5 Nd2 25. Rfe1 Ne4 26. Re2 $3 Rxe2 27. Qb5 $16) 23.
Qa5 {[%csl Ra7,Rd5]} Nxd4 24. Rxd4 {+/=/+/-}) 22... hxg6 23. Rb1 $5 $14 (23.
Rc1 $143 {Ftacnik} Ne6 24. Bxa7 Rxc1 25. Rxc1 Ra8 26. Bb6 Rxa3 $11) 23... Ne6
24. Rfd1 (24. Bxa7 $2 Rc3 $1 (24... Ra8 $2 25. Rb7 Nd8 26. Rd7 Nc6 27. Bc5 $18)
25. a4 (25. Ra1 Ra8 $11) 25... Ra8 26. Rb8+ (26. Rb7 Ra3 $11) 26... Rxb8 27.
Bxb8 Ra3 $11) 24... a6 $5 (24... Nxd4 $6 25. Rxd4 {[%csl Ra7,Rd5]} Re5 26. g3 {
+/=/+/-}) 25. Bb6 (25. Rb6 $2 Nxd4 26. exd4 $8 (26. Rxd4 $4 Rc1+) 26... Rc4 $11
{[%csl Rg1][%cal Gc4a4,Gc4d4]}) 25... Rc4 $5 {[%csl Ra3]} (25... Rc6 $5 26. a4
$1 $14 (26. Rxd5 $4 Rb8 $19 {[%csl Rb6]}) (26. Ba5 Rc5 27. Bb6 Rc6)) 26. g3 $6
(26. Rxd5 $142 $5 Rb8 27. Rd6 (27. Rdd1 $2 Ra4 28. Rb3 (28. Rd3 Nc5) 28... Nc5
29. Rb4 (29. Rbb1 {(Rbb2)} Ne6) 29... Rxb4 30. axb4 Rxb6 $2 (30... Nd3 $1 {
[%csl Rb4]} 31. Rxd3 (31. Ba5 Nxb4 32. Rb1 Nc6 $11) 31... Rxb6 $11 {/\a5}) 31.
bxc5 Rc6 32. Rc1 f5 33. f3 Kf7 34. Kf2 Ke6 35. e4 $16) 27... a5 {/\Rc3} 28.
Rbd1 Rc3 29. a4 Ra3 30. Bxa5 Rxa4 31. Bc3 g5 $14) 26... Rb8 27. Ba5 (27. Rxd5
$4 Rc6 $19 {[%csl Rb6]}) (27. h4 $5) 27... Rxb1 28. Rxb1 g5 $1 {/\g4} 29. Kg2 (
29. Rb6 $6 g4 $1 30. Rxa6 $140 $4 Rc1+ 31. Kg2 Ng5 $19 {[%csl Rg2][%cal Gg5f3,
Gg5h3]}) 29... g4 30. h3 (30. Rb6 $6 Ng5 $36 {[%csl Rg2]}) 30... gxh3+ 31. Kxh3
g5 $1 32. Rd1 $6 (32. Rb6 $5 g4+ (32... Rc2 $6 33. Kg2 Ra2 34. Bb4 a5 35. Bd6 {
+/=/+/-}) 33. Kh4 $5 (33. Kg2 Ng5 $11) 33... Nc5 $14 {[%csl Rf2]}) 32... g4+
33. Kh4 d4 $11 34. e4 (34. Bb6 dxe3 35. Bxe3 Kg7 $11) 34... Rc2 35. Rd2 (35.
Be1 Re2 36. Kxg4 Rxe4+ 37. f4 $11 (37. Kf3 f5 $11)) 35... Rxd2 36. Bxd2 Nc5 37.
Kxg4 Nxe4 38. Bb4 (38. Be1 $4 d3 39. Kf3 d2 $19) (38. Bf4 $5 d3 39. Kf3 f5 $1 (
39... d2 $143) 40. Ke3 d2 41. Ke2 Nxf2 42. Kxd2 Kf7 43. Kc3 (43. Ke3 Ne4 44. g4
(44. Kd4 Ke6 45. Kc4 Kd7 46. Kd5 Kc8 $11 {[%csl Ya8,Gf4]}) 44... Kf6 45. Kd4
Ke6 46. g5 Nxg5 $1 47. Bxg5 Kd6 $11 {[%csl Ya8,Gg5]}) 43... Ke6 44. Kb4 Nd3+
45. Ka5 Nxf4 46. gxf4 Kd5 47. Kxa6 Ke4 48. Kb6 Kxf4 49. a4 Kg3 $11) 38... d3 (
38... Nxf2+ $6 39. Kf3 Nd3 (39... Nh1 $4 40. g4 Kg7 41. Bd2 Kg6 42. Kg2 $18)
40. Ke4 Nc1 $14 (40... Nxb4 $4 41. axb4 Kg7 42. Kxd4 Kg6 43. Kc5 Kg5 44. Kb6
Kg4 45. Kxa6 Kxg3 46. b5 f5 47. b6 f4 48. b7 f3 49. b8=Q+ $18)) 39. Kf3 d2 $8
40. Ke2 Nxf2 41. Bxd2 Ne4 42. Bf4 f5 {[%csl Ya8,Gf4][%cal Gg8f7,Gf7e6,Ge6d7,
Gd7c6]} 43. Kd3 Kf7 44. Kc4 Ke6 45. Kd4 (45. Kb4 Kd5 46. Ka5 Nc5 47. Kb6 Kc4
$11) 45... a5 $1 46. Kc4 (46. g4 fxg4 47. Kxe4 a4 $1 $11 {[%csl Ya8,Gf4]}) (46.
a4 Kd7 47. Kd5 (47. g4 fxg4 48. Kxe4 Kc6 $11) 47... Kc8 48. Kc6 Nf2 $11) 46...
Kd7 47. Kd5 (47. Kb5 a4 48. Kxa4 Kc6 49. Ka5 Kb7 {/\Ng3}) 47... a4 $11 {
[%csl Ya8,Gf4]} 48. Be5 Kc8 49. Kc6 Nd2 50. Bf4 Ne4 51. Kb6 1/2-1/2

[Event "RUS-Cup03 Geller Memorial"]
[Site "Moscow"]
[Date "1999.02.10"]
[Round "9"]
[White "Sretenskij, Nikolai V"]
[Black "Landa, Konstantin"]
[Result "1/2-1/2"]
[WhiteElo "2435"]
[BlackElo "2542"]
[Annotator "Golod,V"]
[PlyCount "68"]
[EventDate "1999.02.10"]
[EventType "swiss"]
[EventRounds "9"]
[EventCountry "RUS"]
[SourceTitle "CBM 070"]
[Source "ChessBase"]
[SourceDate "1999.06.08"]
[SourceVersion "1"]
[SourceVersionDate "1999.06.08"]
[SourceQuality "1"]

1. d4 Nf6 2. c4 e6 3. Nc3 Bb4 4. Qc2 d5 5. a3 $5 ({Another line is:} 5. cxd5 $5
) 5... Bxc3+ 6. Qxc3 Ne4 7. Qc2 c5 $5 {Besides,black has several options:} (
7... e5 $5) (7... Nc6 $5) (7... O-O $5) 8. dxc5 Nc6 9. e3 $6 ({Also dubious:} 
9. cxd5 $6 {-see comments to Ivanov,S-Kupreichik,V/Maikop,1998/CBM 66(1/2-1/2)
(Golod,V)(51)}) (9. Nf3 $5 {Is the main line.You can see comments to game:
Ivanov,S-Yemelin,V/St Petersburg,1998/CBM 65(1-0)(Golod,V)(42)}) 9... Qa5+ 10.
Bd2 $8 Qxc5 $5 {[%mdl 4]} ({Another alternative is:} 10... Nxd2 $5 11. Qxd2
dxc4 $5 (11... Qxd2+ $2 {Alterman,B} 12. Kxd2 d4 $14) (11... Qxc5 $5 {Alterman,
B} 12. b4 Qe7 $1 13. Nf3 (13. cxd5 $143 exd5 14. Qxd5 Be6 $44 {|^}) 13... O-O
14. b5 Qf6 (14... Nb8 $143 15. cxd5 Rd8 16. Qc3 $1 exd5 17. Bd3 $14) 15. Rd1 {
+/=/=;1-0 Gurevich,M-Portisch,L/Reggio Emilia 49/667 1989 (56)} (15. Rc1 {>=}))
12. Qxa5 $6 (12. Bxc4 $142 {-transfers to ours game.}) 12... Nxa5 13. Rc1 b5 $1
14. cxb6 Bb7 $1 15. Nf3 Ke7 16. Nd2 Rhc8 17. Be2 axb6 18. O-O b5 $15 {Dao
Thien Hai-Loginov,V/Budapest/1994/}) 11. Rc1 $5 ({Dubious:} 11. Nf3 {in view
of:} Nxd2 12. Nxd2 (12. Qxd2 $6 dxc4 13. Qc3 {[%csl Rc4,Rg7]} Qa5 $1 14. Rc1
Qxc3+ 15. Rxc3 b5 16. b3 Rb8 17. bxc4 bxc4 18. Rxc4 Rb1+ 19. Kd2 Bd7 20. Kc2
Ra1 21. Kb2 Rd1 22. Kc2 Ra1 23. Kb2 Rd1 24. Kc2 {1/2-1/2 Baburin,A-Ward,C/Port
Erin IOM 1998 (24)}) 12... O-O (12... Ne5 $5 13. Rc1 dxc4 14. Nxc4 Nxc4 15.
Bxc4 O-O 16. O-O Bd7 17. Qd2 {1/2-1/2 Kiriakov,P-Kholmov,R/Moscow 1995/CBM 50
ext (17)}) 13. O-O-O Rd8 14. Bd3 h6 15. cxd5 Qxc2+ 16. Bxc2 exd5 {1/2-1/2
Obukhov,A-Balashov,Y/Kurgan 1994/CBM 43 (22) +/=/=}) (11. b4 $5 {-was checked
in the previous games.}) 11... Nxd2 12. Qxd2 ({Interestingly:} 12. b4) 12...
dxc4 ({After:} 12... d4 $6 13. exd4 Nxd4 (13... Qxd4 $143 14. Nf3 Qxd2+ 15.
Kxd2 $14) 14. b4 Qe5+ 15. Qe3 Qxe3+ 16. fxe3 Nf5 17. Kf2 {white transfers to
slightly better endgame.}) 13. Bxc4 Qg5 $5 {[%csl Rg2][%cal Gg5g2]} ({Good
enough for equality:} 13... Qb6 {/\0-0}) 14. f4 Qh4+ $1 15. Qf2 (15. g3 $140 $6
Qe7 {[%csl Rf3,Rg2]}) 15... Qxf2+ 16. Kxf2 Bd7 {+/=/=} (16... Ke7 $5 {-was
checked in the previous games:} 17. Nf3 Rd8 18. Bb5 $5 (18. Rhd1 $143 Rxd1 19.
Rxd1 b6 20. Bb5 Bb7 21. Nd4 Nxd4 22. Rxd4 Rd8 23. Rxd8 {1/2-1/2 Taimanov,
M-Szabo,L/Saltsjobaden 1952/IZT (23)}) 18... Bd7 19. Rc3 a6 $5 (19... Rac8 $5
20. Rhc1 f6 {+/=/=} (20... Nb8 $2 21. Rc7)) 20. Ba4 b5 21. Bb3 Rac8 22. Rhc1
Na5 23. Ba2 Rxc3 24. Rxc3 Rc8 {+/=/=;1-0 Euwe,M-Petrovs,V/Stockholm 1937/HCL 
(50)}) 17. Nf3 Ke7 $5 {[%cal Gh8d8,Ga8c8]} ({Slightly worse is:} 17... Rc8 18.
b4 $1 {Alterman,B:This important move have given better prospects for White.
18.Rhd1Na5! is not enough for an advantage.} Ke7 (18... Ne7 $14) 19. Be2 f6 (
19... Rhd8 20. Ng5 h6 21. Ne4 Nb8 $14) 20. g4 $5 (20. Rhd1 $5) 20... h6 $6 (
20... Nb8 $1 21. g5 Rxc1 22. Rxc1 Rc8 23. gxf6+ gxf6 24. Rg1 Kf8 $1 {Only
slightly better prospects for White.}) 21. h4 $14 {-see comments to Sokolov,
I-Kortschnoj,V/Wijk aan Zee,1997/CBM 57(1-0)(Alterman,B)(57)}) 18. Rhd1 (18.
Rc3 $143 Rhc8 19. Rhc1 Na5 20. Ba2 Rxc3 {1/2-1/2 Dao Thien Hai-Campos Moreno,J/
Moscow 1994/CBM 44 ext (20)}) 18... Rhd8 19. e4 $5 $146 (19. Bb5 $143 Rac8 20.
Ke2 Be8 {1/2-1/2 Szabo,L-O'Kelly de Galway,A/Mar del Plata 1948/MCD (20)})
19... Be8 20. Rxd8 $6 ({Can be recommended right away:} 20. Ke3 $5) ({Dubious:
} 20. b4 {because of:} Rxd1 21. Rxd1 a5 $1 22. b5 Na7 23. a4 Nc8 $13 {[%csl
Ra4][%cal Gc8b6]}) 20... Rxd8 21. Ke3 Rc8 $5 {[%csl Rc1][%cal Gc6a5]} 22. Ba2 (
{Slighly better is:} 22. Bd3) 22... Bd7 {[%cal Gc6d8,Yd7c8]} 23. Rc3 $6 (23. b4
$5 a5 $140 $6 (23... Nd8 $5 $11) 24. b5 Na7 25. Rxc8 Nxc8 26. a4 Nb6 27. Bb3
$14 {[%csl Rc5][%cal Ge3d4,Gd4c5,Ge4e5]}) 23... Nd8 24. Rxc8 Bxc8 $11 25. e5 ({
After:} 25. b4 Bd7 26. Nd4 Nc6 {equality}) 25... Bd7 $5 {[%csl Gd7][%cal Gd7c6,
Gc6h1]} 26. g4 (26. Nd4 Nc6 $5 27. Nb5 $140 $6 Nxe5 $1 (27... Nb4 $143 28. Bc4)
(27... f6 $5) 28. Nxa7 Ng4+ 29. Kf3 Nxh2+ 30. Kg3 Nf1+ 31. Kf2 Nd2 32. Ke3 Nf1+
33. Kf2 Nh2 34. Kg3 Nf1+ $11 (34... Kd6 $6 {[%csl Ra7][%cal Gc5b6,Gd6c5,Gd6c7,
Gc7b6,Gc7b8]} 35. Kxh2 Kc5 36. a4 Bxa4 37. Nc8 Bd7 38. Ne7 Kd6 39. Ng8 f5 40.
g4 $1 $13)) 26... Bc6 27. Nd4 Bg2 28. h4 (28. Nb5 Nc6 29. Nd6 f6 $5 $13) 28...
h6 29. g5 $6 (29. b4 $142 $5) 29... hxg5 30. fxg5 g6 {[%csl Re5][%cal Yg6h5]}
31. Bc4 ({After:} 31. Kf4 $5 {(קe5;/\Nb5-d6) strongly:} Bd5 $1 $11 (31... Nc6
$140 32. Nb5 {[%cal Gb5d6]})) 31... Nc6 32. Nxc6+ Bxc6 33. Be2 b6 34. Kd4 Bd5
1/2-1/2

[Event "Skopje op 18th"]
[Site "Skopje"]
[Date "2002.01.20"]
[Round "6"]
[White "Ivanisevic, Ivan"]
[Black "Mitkov, Marjan"]
[Result "1-0"]
[WhiteElo "2540"]
[BlackElo "2401"]
[Annotator "Golod,V"]
[PlyCount "59"]
[EventDate "2002.01.15"]
[EventType "swiss"]
[EventRounds "9"]
[EventCountry "MKD"]
[SourceTitle "CBM 088"]
[Source "ChessBase"]
[SourceDate "2002.03.21"]
[SourceVersion "1"]
[SourceVersionDate "2002.03.21"]
[SourceQuality "1"]

1. d4 Nf6 2. c4 e6 3. Nc3 Bb4 4. Qc2 d5 5. a3 Bxc3+ 6. Qxc3 Ne4 7. Qc2 c5 {
The statistics of last games of this variant shows, that black it is necessary
to stop the choice on other continuations:} (7... e5 $5) (7... Nc6 $5) ({or} 
7... O-O $5) 8. dxc5 Nc6 9. cxd5 {[%mdl 4] Earlier I considered this move
dubious,but after white have won some games,I has changed the opinion.} (9. Nf3
$5 {It's main theoretical line.}) ({Leads to equality:} 9. e3 $6 Qa5+ 10. Bd2
Nxd2 11. Qxd2 dxc4 12. Bxc4 (12. Qxa5 $143 Nxa5 13. Rc1 b5 $1 {Dao Thien
Hai-Loginov,V/Budapest,1994(1/2-1/2)(26)}) 12... Qxc5 13. Rc1 Qa5 14. Rc3 O-O
15. Nf3 Rd8 16. Qc2 Ne5 {1/2-1/2 Kramnik,V-Gelfand,B/Monte Carlo,1999 (28)})
9... exd5 10. Nf3 Bf5 11. b4 O-O ({I can not find big advantage for white,
after:} 11... Ng3 $5 {[%csl Rc2,Rh1]} 12. Qb2 Nxh1 13. Qxg7 Rf8 14. Bh6 Qe7 15.
Qxf8+ Qxf8 16. Bxf8 Kxf8 17. b5 (17. g3 Be4 $1 $13) 17... Na5 18. Nd4 Bd7 19.
g3 Rc8 20. Rc1 Nc4 21. c6 (21. Bg2 $143 Nxf2 22. Bxd5 Rxc5 23. Bxc4 Ng4 $11 {
[%csl Rc4,Rh2][%cal Gg4e3]}) 21... bxc6 22. bxc6 Bxc6 23. Bh3 Rc7 24. Bg2 Nxf2
25. Kxf2 Bb7 26. Nf5 $14 {Foltys,J-Opocensky,K/Prague,1941(1/2-1/2)(32)}) 12.
Qb2 ({On the first sight,looks more logically:} 12. Bb2 $5 Re8 (12... Ng3 $2
13. Qc3 {[%csl Rg3,Rg7]} d4 $8 14. Nxd4 Nxd4 15. fxg3 $8 $16 {[%csl Gf2][%cal
Ge1f2] See comments to Levin,F-Zagrebelny,S/Schwerin,1999/CBM 73(1-0)(Golod,V)
(58)}) 13. Rd1 b6 14. e3 bxc5 15. Bb5 Qb6 $1 $14 {You can see comments to
Ivanov,S-Kupreichik,V/Maikop,1998/CBM 66(1/2-1/2)(Golod,V)(51)}) 12... a5 $146
{Hardly it is possible to name successful this novelty.} ({Was checked in the
previous games:} 12... d4 $5 13. e3 (13. b5 $6 Qa5+ 14. Bd2 Nxd2 15. Nxd2 Ne5
$44) 13... d3 14. Qb3 Qf6 $2 (14... a5 $5 $132) 15. Bb2 d2+ 16. Nxd2 Nxd2 17.
Kxd2 Qh4 18. Ke1 $16 {Baburin,A-Ward,C/Isle of Man op,1996(1-0) (35)}) ({and} 
12... Re8 13. Be3 (13. e3 $6 d4 $1 $132 {[%csl Re1] Klein,E-Moulin,P/New York,
1995(0-1)(20)}) 13... Rc8 (13... b6 $5) 14. g3 b6 15. cxb6 Nd6 {[%csl Rb2,Re3]
[%cal Gd6c4]} 16. b7 Nxb7 17. Rd1 Be4 18. Bg2 Nd6 19. Bc5 Nc4 20. Qc3 {+/=/+/-
Koomen,W-De Jong,T/Baarn,1941(1-0)(30)}) 13. b5 Ne7 14. Be3 a4 $6 {Again very
dubious decision! Can be recommended:} (14... Be6 $5 {[%csl Re3][%cal Ge7f5]}
15. Bd4 Nf5 16. e3 Rc8 17. Rc1 {+/=/+/-}) 15. Bd4 {[%csl Rg7] /^a1-h8} Qa5+ 16.
Qb4 {[%csl Yb4,Rc5,Yd4][%cal Yb4c5,Yd4c5]} Rfc8 17. Nd2 $1 $16 ({After:} 17.
Rc1 $6 Qxb4+ 18. axb4 a3 {[%csl Rb4][%cal Ga8a4] black has a counterplay.})
17... Qxb4 18. axb4 a3 19. f3 $1 Nxd2 ({A little better is:} 19... Ng5 {
/\Ne6(><d4)}) 20. Kxd2 Ra4 21. Kc3 {[%csl Yc3] Now white's king- main
protective piece.} a2 22. e3 Bb1 23. g4 $1 {[%csl Re7,Yg4][%cal Yg4f5]} Ng6 24.
b6 {[%csl Gh1][%cal Gf1b5] At last,white enter the reserves in game.} Ra3+ 25.
Kb2 Raa8 26. Be2 Ne7 27. b5 {[%csl Yb5,Re7] White consistently do not give to
enter "Ne7" in the game.} Ra4 28. Rc1 Rca8 29. Rc3 Re8 30. c6 $18 {Further
resistance is impossible.} 1-0